[Event "66.Semifinale Camp. Italiano"]
[Site "Cortina d'Ampezzo ITA"]
[Date "2006.07.12"]
[Round "5.8"]
[White "De Santis, Alessio"]
[Black "Pantaleoni, Claudio"]
[Result "1/2-1/2"]
[WhiteElo "2337"]
[BlackElo "2222"]
[Annotator "Gabriele Ballarin"]
[PlyCount "104"]
[EventDate "2006.07.09"]
[EventType "swiss"]
[EventRounds "9"]
[EventCountry "ITA"]

1. d4 Nf6 2. c4 e6 3. Nc3 Bb4 4. a3 Bxc3+ 5. bxc3 b6 6. f3 Ba6 7. e4 Nc6 8. Bg5 h6 9. Bh4 Na5 10. e5 g5 11. Bf2 Ng8 12. Qa4 Ne7 13. Rd1 Ng6 14. Bd3 Nf4 15. Bf1 Ng6 16. Nh3 Qe7 17. Be3 f6 18. exf6 Qxf6 19. Nf2 Nh4 20. Ng4 Qg7 21. Ne5 O-O-O 22. c5 Bxf1 23. Kxf1 Rhf8 24. Bf2 Rf5 25. Nc4 Nc6 26. cxb6 cxb6 27. Bxh4 gxh4 28. Nd6+ Kb8 29. Nxf5 exf5 30. Qc2 h3 31. gxh3 Qg5 32. Qg2 Qe3 33. Qf2 Qxc3 34. Rg1 Re8 35. Rg7 Re3 36. Kg2 Nxd4 37. Qg3+ Kc8 38. Rg8+ Kb7 39. Qb8+ Ka6 40. Qc8+ Qxc8 41. Rxc8 Nxf3 42. Rxd7 Nh4+ 43. Kf2 Rf3+ 44. Ke2 Rxa3 45. Rcc7 Rxh3 46. Rxa7+ Kb5 47. Rd6 Rxh2+ 48. Kf1 Rc2 49. Rb7 Rc6 50. Rxc6 Kxc6 51. Rh7 Nf3 52. Ke2 Nd4+ 1/2-1/2

[Event "66.Semifinale Camp. Italiano"]
[Site "Cortina d'Ampezzo ITA"]
[Date "2006.07.12"]
[Round "5.9"]
[White "Martorelli, Antonio"]
[Black "Cocchi, Andrea"]
[Result "1/2-1/2"]
[WhiteElo "2264"]
[BlackElo "2333"]
[Annotator "Gabriele Ballarin"]
[PlyCount "120"]
[EventDate "2006.07.09"]
[EventType "swiss"]
[EventRounds "9"]
[EventCountry "ITA"]

1. e4 Nc6 2. d4 d5 3. Nc3 dxe4 4. d5 Ne5 5. Bf4 Ng6 6. Bg3 a6 7. h4 e6 8. h5 N6e7 9. dxe6 Bxe6 10. Qxd8+ Rxd8 11. Bxc7 Rc8 12. Bf4 Nf6 13. Nge2 h6 14. f3 exf3 15. gxf3 Rc5 16. O-O-O Ned5 17. Bd2 Be7 18. Nd4 Nxc3 19. Bxc3 Rxh5 20. Nxe6 fxe6 21. Bh3 Nd5 22. Bd2 Re5 23. Rhg1 Bg5 24. c4 Nf4 25. Bf1 O-O 26. Kc2 b5 27. Bc3 Ref5 28. Rd6 bxc4 29. Rxa6 Nd3 30. Bh3 Rxf3 31. Bxe6+ Kh8 32. Bxc4 Nf4 33. Rxg5 Rxc3+ 34. Kxc3 hxg5 35. Ra5 Nh3 36. Be6 Nf2 37. Kd4 Rf4+ 38. Kc3 Kh7 39. Re5 g4 40. Bd5 Kh6 41. b4 Nd1+ 42. Kc2 Rd4 43. Bf7 g6 44. Re1 Nf2 45. Kc3 Rd7 46. Bc4 g3 47. Bf1 Kg5 48. b5 Kf4 49. Bg2 Nd1+ 50. Kb4 Ne3 51. Rxe3 Kxe3 52. b6 Kf2 53. b7 Rd8 54. Bc6 g2 55. Bxg2 Kxg2 56. Kb5 g5 57. a4 Rb8 58. Kc6 Kh2 59. a5 Rxb7 60. Kxb7 g4 1/2-1/2

[Event "66.Semifinale Camp. Italiano"]
[Site "Cortina d'Ampezzo ITA"]
[Date "2006.07.12"]
[Round "5.12"]
[White "Piva, Giorgio"]
[Black "Paglietti, Nicola"]
[Result "1/2-1/2"]
[WhiteElo "2129"]
[BlackElo "2293"]
[Annotator "Gabriele Ballarin"]
[PlyCount "89"]
[EventDate "2006.07.09"]
[EventType "swiss"]
[EventRounds "9"]
[EventCountry "ITA"]

1. d4 d5 2. Bf4 Nf6 3. e3 g6 4. Nf3 Bg7 5. Be2 O-O 6. O-O c5 7. c3 Nc6 8. Nbd2 cxd4 9. exd4 Qb6 10. Qb3 Qxb3 11. Nxb3 b6 12. Ne5 Bb7 13. Rfe1 e6 14. Nxc6 Bxc6 15. Be5 Ne4 16. Bxg7 Kxg7 17. Bd3 Nd6 18. Nd2 Rfc8 19. Re2 Rc7 20. f4 Bb5 21. Bxb5 Nxb5 22. Nf3 Nd6 23. g3 b5 24. a3 a5 25. Ne5 Rb8 26. Nd3 Ne4 27. Kg2 h5 28. Kf3 Kf6 29. Ne5 g5 30. fxg5+ Kxg5 31. Nd3 Kf6 32. Ke3 Rh8 33. Rf1+ Ke7 34. Rf4 f5 35. Rh4 Kd6 36. Re1 Rg7 37. Nf4 Rb7 38. Ra1 Nf6 39. Kd3 Rg7 40. Re1 Ne4 41. Re2 Rgh7 42. Ng6 Rc8 43. Nf4 Rch8 44. Ng6 Rg8 45. Nf4 1/2-1/2

[Event "66.Semifinale Camp. Italiano"]
[Site "Cortina d'Ampezzo ITA"]
[Date "2006.07.12"]
[Round "5.13"]
[White "Franchini, Gabriele"]
[Black "Facchetti, Gianni"]
[Result "1-0"]
[WhiteElo "2292"]
[BlackElo "2133"]
[Annotator "Gabriele Ballarin"]
[PlyCount "129"]
[EventDate "2006.07.09"]
[EventType "swiss"]
[EventRounds "9"]
[EventCountry "ITA"]

1. e4 e5 2. Nf3 Nc6 3. d4 exd4 4. Nxd4 Bb4+ 5. c3 Be7 6. Bc4 Nf6 7. Nxc6 dxc6 8. Qxd8+ Bxd8 9. f3 Be6 10. Bxe6 fxe6 11. Be3 Be7 12. Nd2 O-O-O 13. Ke2 a6 14. Nc4 Rhf8 15. Rad1 Rxd1 16. Rxd1 Nd7 17. f4 Bf6 18. g4 g6 19. g5 Bg7 20. h4 e5 21. fxe5 Nxe5 22. Nxe5 Bxe5 23. h5 gxh5 24. Rh1 Rf7 25. Rxh5 Bd6 26. e5 Bf8 27. e6 Re7 28. g6 hxg6 29. Rh8 Rxe6 30. Rxf8+ Kd7 31. Kf3 c5 32. Bxc5 Re1 33. a4 Kc6 34. Ba3 Re6 35. Rf4 b6 36. Re4 Rf6+ 37. Rf4 Re6 38. Bf8 Re1 39. Kf2 Re8 40. Bg7 Kd5 41. Rd4+ Kc6 42. Bh6 b5 43. a5 Re6 44. Bf4 Re7 45. Rd8 Re4 46. Kf3 Rc4 47. Rg8 b4 48. Bd2 bxc3 49. Rxg6+ Kb5 50. Bxc3 Rh4 51. Rg5+ Kc6 52. Ke3 Rh3+ 53. Kd4 Rh4+ 54. Kd3 Rh7 55. Kc4 Rh6 56. Rf5 Rh7 57. Rf6+ Kb7 58. Kd5 Rd7+ 59. Kc5 Rh7 60. Be5 Rh1 61. Rf7 Rc1+ 62. Kb4 Rc2 63. Rxc7+ Rxc7 64. Bxc7 Kxc7 65. Kc5 1-0

[Event "66.Semifinale Camp. Italiano"]
[Site "Cortina d'Ampezzo ITA"]
[Date "2006.07.12"]
[Round "5.14"]
[White "Navarro, Stefano"]
[Black "Ricci, Marco"]
[Result "1-0"]
[WhiteElo "2224"]
[BlackElo "2150"]
[Annotator "Gabriele Ballarin"]
[PlyCount "69"]
[EventDate "2006.07.09"]
[EventType "swiss"]
[EventRounds "9"]
[EventCountry "ITA"]

1. e4 e6 2. d3 d5 3. Nd2 Nf6 4. Ngf3 Nc6 5. g3 dxe4 6. dxe4 Bc5 7. Bg2 e5 8. O-O O-O 9. c3 a5 10. Qc2 Qe7 11. Nc4 b6 12. Ne3 Bxe3 13. Bxe3 Ng4 14. Bg5 f6 15. Bd2 Ba6 16. Rfd1 Qc5 17. Be1 Rfd8 18. Rd5 Rxd5 19. exd5 Na7 20. h3 Nh6 21. Bd2 Nf7 22. Nh4 Rd8 23. Be3 Qf8 24. g4 Nd6 25. b3 Nac8 26. c4 Nb7 27. Nf5 Ncd6 28. Nxd6 Qxd6 29. a3 Qd7 30. Rc1 Nd6 31. c5 Nc8 32. b4 axb4 33. axb4 bxc5 34. bxc5 Bb5 35. Qb3 1-0

[Event "66.Semifinale Camp. Italiano"]
[Site "Cortina d'Ampezzo ITA"]
[Date "2006.07.12"]
[Round "5.15"]
[White "Pechy, Alaster"]
[Black "Ubezio, Marco"]
[Result "1/2-1/2"]
[WhiteElo "2169"]
[BlackElo "2161"]
[Annotator "Gabriele Ballarin"]
[PlyCount "123"]
[EventDate "2006.07.09"]
[EventType "swiss"]
[EventRounds "9"]
[EventCountry "ITA"]

1. e4 Nf6 2. e5 Nd5 3. d4 d6 4. Be2 Bf5 5. Nf3 dxe5 6. dxe5 Nc6 7. a3 e6 8. O-O Nde7 9. Bf4 Qxd1 10. Bxd1 h6 11. h3 g5 12. Bg3 Bg7 13. Re1 Ng6 14. Nbd2 O-O-O 15. Nf1 g4 16. hxg4 Bxg4 17. N1h2 Bf5 18. b4 h5 19. b5 Nd4 20. Nxd4 Rxd4 21. Nf3 Rd7 22. Nh4 Nxh4 23. Bxh4 Rd4 24. g3 Rd5 25. f4 Rxb5 26. c4 Rb2 27. Re2 Rxe2 28. Bxe2 Bf8 29. a4 Bc5+ 30. Kh2 Bg4 31. Ra2 a5 32. Kg2 Re8 33. Rb2 b6 34. Bf3 Bxf3+ 35. Kxf3 Kd7 36. Rh2 Kc6 37. Bf6 Be7 38. Rxh5 Kc5 39. Bxe7+ Rxe7 40. f5 exf5 41. Kf4 Kxc4 42. Kxf5 Kd5 43. g4 Re6 44. Kf4 c6 45. Rh7 Rxe5 46. Rxf7 Re4+ 47. Kf3 Rxa4 48. g5 Rh4 49. Rf5+ Kd6 50. Rf6+ Kd7 51. g6 Rh8 52. Ke4 a4 53. Kd3 a3 54. Kc2 a2 55. Kb2 Rh2+ 56. Ka1 Rg2 57. Rf7+ Ke6 58. Rc7 Kd5 59. g7 b5 60. Rf7 Kc4 61. Rf4+ Kb3 62. Rg4 1/2-1/2

[Event "66.Semifinale Camp. Italiano"]
[Site "Cortina d'Ampezzo ITA"]
[Date "2006.07.12"]
[Round "5.16"]
[White "Caracci, Giuseppe"]
[Black "Pizzuto, Samuele Tullio"]
[Result "1/2-1/2"]
[WhiteElo "2069"]
[BlackElo "2201"]
[Annotator "Gabriele Ballarin"]
[PlyCount "57"]
[EventDate "2006.07.09"]
[EventType "swiss"]
[EventRounds "9"]
[EventCountry "ITA"]

1. Nf3 Nc6 2. d4 d5 3. Bf4 Bg4 4. e3 e6 5. c4 Bb4+ 6. Nc3 Nge7 7. Rc1 O-O 8. Bd3 Ng6 9. Bxg6 hxg6 10. cxd5 exd5 11. O-O g5 12. Bg3 f5 13. Ne2 Bxf3 14. gxf3 Ba5 15. f4 g4 16. a3 Qd7 17. Bh4 Ne7 18. Bxe7 Qxe7 19. Rc5 Bb6 20. Rxd5 c6 21. Re5 Qf7 22. Ng3 g6 23. Qe2 Rad8 24. Rc1 Rd7 25. Qc4 Qxc4 26. Rxc4 Bc7 27. Rec5 Bb6 28. Re5 Bc7 29. Rec5 1/2-1/2

[Event "66.Semifinale Camp. Italiano"]
[Site "Cortina d'Ampezzo ITA"]
[Date "2006.07.12"]
[Round "5.17"]
[White "Bonafede, Alessandro"]
[Black "Frigieri, Fabrizio"]
[Result "1-0"]
[WhiteElo "2175"]
[BlackElo "2098"]
[Annotator "Gabriele Ballarin"]
[PlyCount "65"]
[EventDate "2006.07.09"]
[EventType "swiss"]
[EventRounds "9"]
[EventCountry "ITA"]

1. e4 c5 2. Nf3 Nc6 3. d4 cxd4 4. Nxd4 Nf6 5. Nc3 d6 6. Bg5 e6 7. Qd2 a6 8. O-O-O h6 9. Nxc6 bxc6 10. Bf4 d5 11. Qe3 Be7 12. Be2 Qa5 13. Qg3 g5 14. Be5 Rg8 15. Rhe1 Bd7 16. Bd6 Bxd6 17. Qxd6 Kd8 18. exd5 Ne8 19. Qe5 cxd5 20. Bf3 Qc7 21. Qe2 Nf6 22. g3 Re8 23. Qd3 Kc8 24. Qd4 Qd8 25. Re3 Bc6 26. Na4 e5 27. Qc5 Kb7 28. Rb3+ Bb5 29. Rxd5 Nxd5 30. Bxd5+ Kb8 31. Rxb5+ axb5 32. Qxb5+ Kc8 33. Qb7# 1-0

[Event "66.Semifinale Camp. Italiano"]
[Site "Cortina d'Ampezzo ITA"]
[Date "2006.07.12"]
[Round "5.18"]
[White "Capata, Ion"]
[Black "Astengo, Marcello"]
[Result "1-0"]
[WhiteElo "2110"]
[BlackElo "2109"]
[Annotator "Gabriele Ballarin"]
[PlyCount "53"]
[EventDate "2006.07.09"]
[EventType "swiss"]
[EventRounds "9"]
[EventCountry "ITA"]

1. e4 e6 2. d4 d5 3. exd5 exd5 4. Bd3 Nf6 5. Nf3 Bd6 6. Qe2+ Be7 7. O-O O-O 8. h3 Re8 9. Qd1 Ne4 10. c4 Bf5 11. cxd5 Qxd5 12. Re1 Bb4 13. Nc3 Bxc3 14. bxc3 Nc6 15. Qc2 Nd6 16. Bf4 Bxd3 17. Qxd3 f6 18. Bxd6 cxd6 19. c4 Qa5 20. Re3 Nb4 21. Qc3 Rxe3 22. Qxe3 Nc2 23. Qe6+ Kh8 24. Rb1 b6 25. Qe4 d5 26. Qxc2 Rc8 27. c5 1-0

[Event "66.Semifinale Camp. Italiano"]
[Site "Cortina d'Ampezzo ITA"]
[Date "2006.07.12"]
[Round "5.19"]
[White "Campini, Marco"]
[Black "Alberton, Roberto"]
[Result "1-0"]
[WhiteElo "2100"]
[BlackElo "2128"]
[Annotator "Gabriele Ballarin"]
[PlyCount "61"]
[EventDate "2006.07.09"]
[EventType "swiss"]
[EventRounds "9"]
[EventCountry "ITA"]

1. e4 g6 2. d4 Bg7 3. f4 c6 4. Nf3 d5 5. e5 Nh6 6. a4 Bg4 7. a5 O-O 8. Be2 f6 9. O-O Nd7 10. b4 b6 11. Qe1 Re8 12. Nbd2 Be6 13. Nb3 Qc7 14. Ba3 Nf8 15. h3 Nf7 16. g4 Kh8 17. Bb2 Nd7 18. Bd3 Nh6 19. axb6 Qxb6 20. Ra6 Qc7 21. Qc3 Rec8 22. Qe1 Re8 23. Qh4 Kg8 24. b5 Nb8 25. b6 Qc8 26. Rxa7 Rxa7 27. bxa7 Nd7 28. Bc1 f5 29. Ng5 Nf8 30. Nc5 Nf7 31. a8=Q 1-0

[Event "66.Semifinale Camp. Italiano"]
[Site "Cortina d'Ampezzo ITA"]
[Date "2006.07.12"]
[Round "5.20"]
[White "Astengo, Corrado"]
[Black "Pomaro, Alberto"]
[Result "1/2-1/2"]
[WhiteElo "2119"]
[BlackElo "2046"]
[Annotator "Gabriele Ballarin"]
[PlyCount "63"]
[EventDate "2006.07.09"]
[EventType "swiss"]
[EventRounds "9"]
[EventCountry "ITA"]

1. e4 e6 2. d3 d5 3. Nd2 c5 4. g3 Bd6 5. Qg4 g6 6. Bg2 Ne7 7. h4 Nbc6 8. h5 Nd4 9. Qd1 Qc7 10. Ne2 e5 11. c3 Nxe2 12. Qxe2 Be6 13. hxg6 fxg6 14. exd5 Nxd5 15. Ne4 O-O-O 16. Ng5 Bg8 17. Bh3+ Kb8 18. Ne6 Bxe6 19. Bxe6 Nb6 20. Bg5 Rde8 21. Bb3 Be7 22. Bh6 Bf6 23. Qe4 Qe7 24. Be3 Bg5 25. O-O-O Bxe3+ 26. Qxe3 Nd7 27. Ba4 Rd8 28. Rhe1 Nb6 29. Bb3 Rhe8 30. f4 Nd7 31. fxe5 Qxe5 32. Qf4 {=} 1/2-1/2

[Event "66.Semifinale Camp. Italiano"]
[Site "Cortina d'Ampezzo ITA"]
[Date "2006.07.12"]
[Round "5.21"]
[White "Laghetti, Gaetano"]
[Black "Melotti, Dario"]
[Result "1/2-1/2"]
[WhiteElo "1972"]
[BlackElo "2116"]
[Annotator "Gabriele Ballarin"]
[PlyCount "79"]
[EventDate "2006.07.09"]
[EventType "swiss"]
[EventRounds "9"]
[EventCountry "ITA"]

1. d4 Nf6 2. c4 g6 3. Nc3 Bg7 4. e4 d6 5. f3 O-O 6. Be3 Nbd7 7. Nh3 c5 8. d5 Qa5 9. Bd2 a6 10. Nf2 Qc7 11. Be2 Nb6 12. O-O Bd7 13. Bd3 Rfb8 14. Ne2 Na4 15. Qc2 b5 16. b3 bxc4 17. Bxc4 Nb6 18. Bd3 Bc8 19. Rac1 Qd8 20. Bc3 Qf8 21. g4 h6 22. Kg2 a5 23. a4 Ba6 24. Bxa6 Rxa6 25. Qd2 Nbd7 26. Rb1 Qd8 27. h4 Ne8 28. Bxg7 Kxg7 29. Nd3 Ra7 30. g5 h5 31. f4 Rab7 32. Qc3+ Kh7 33. f5 Ng7 34. fxg6+ fxg6 35. Nef4 e5 36. dxe6 Nf8 37. Qc4 Qc8 38. Nd5 Nfxe6 39. Nf6+ Kh8 40. Nf4 {=} 1/2-1/2

[Event "66.Semifinale Camp. Italiano"]
[Site "Cortina d'Ampezzo ITA"]
[Date "2006.07.12"]
[Round "5.22"]
[White "Milazzo, Mario"]
[Black "Puzzoni, Christian"]
[Result "0-1"]
[WhiteElo "2110"]
[BlackElo "2066"]
[Annotator "M. Milazzo"]
[PlyCount "88"]
[EventDate "2006.07.09"]
[EventType "swiss"]
[EventRounds "9"]
[EventCountry "ITA"]

1. e4 e5 2. Nf3 Nc6 3. Bc4 Nf6 4. d4 exd4 5. O-O Bc5 6. c3 dxc3 7. Nxc3 d6 8. Bg5 h6 9. Bh4 g5 10. Bg3 Bg4 11. h3 Bh5 12. Qd3 Nb4 13. Qe2 Kf8 14. Rad1 Rg8 15. e5 (15. Na4) 15... g4 16. hxg4 Rxg4 17. Bh2 Nh7 18. Ne4 Ng5 19. Nexg5 hxg5 20. exd6 cxd6 21. a3 Nc6 22. Qd3 Qf6 23. Bd5 Kg7 24. b4 Bb6 25. Bxc6 bxc6 26. Bxd6 Kg8 27. Be5 (27. Qe2 Rh4 28. Qe7) 27... Qe6 28. Rfe1 Rd8 29. Qc3 Rxd1 30. Rxd1 Rc4 31. Qd2 f6 32. Qd6 (32. Qd3) 32... Qxd6 33. Bxd6 g4 34. Nd2 Rd4 35. Bg3 Bg6 36. Kf1 Bc2 37. Rc1 Ba4 38. Nb1 a5 39. bxa5 Bb5+ 40. Kg1 Bxa5 41. Bb8 Bb6 42. Kh2 Kg7 43. f3 Rd8 44. Bf4 Bf2 0-1

[Event "66.Semifinale Camp. Italiano"]
[Site "Cortina d'Ampezzo ITA"]
[Date "2006.07.13"]
[Round "6.1"]
[White "Bruno, Fabio"]
[Black "Piscopo, Pierluigi"]
[Result "1/2-1/2"]
[WhiteElo "2388"]
[BlackElo "2393"]
[Annotator "Gabriele Ballarin"]
[PlyCount "28"]
[EventDate "2006.07.09"]
[EventType "swiss"]
[EventRounds "9"]
[EventCountry "ITA"]

1. d4 Nf6 2. Bg5 e6 3. e3 c5 4. Nd2 cxd4 5. exd4 Be7 6. Ngf3 b6 7. Bd3 Bb7 8. O-O O-O 9. Re1 d6 10. c3 Nbd7 11. a4 a6 12. Nf1 Re8 13. Ng3 Qc8 14. Bf1 Qc7 {=} 1/2-1/2

[Event "66.Semifinale Camp. Italiano"]
[Site "Cortina d'Ampezzo ITA"]
[Date "2006.07.13"]
[Round "6.2"]
[White "Ronchetti, Niccolo"]
[Black "Garcia Palermo, Carlos H"]
[Result "1/2-1/2"]
[WhiteElo "2421"]
[BlackElo "2445"]
[Annotator "Gabriele Ballarin"]
[PlyCount "31"]
[EventDate "2006.07.09"]
[EventType "swiss"]
[EventRounds "9"]
[EventCountry "ITA"]

1. e4 c6 2. d4 d5 3. e5 Bf5 4. Nc3 Qb6 5. Nf3 e6 6. Be2 Nd7 7. O-O Ne7 8. b3 Ng6 9. Na4 Qa5 10. c4 dxc4 11. bxc4 b5 12. Nb2 Ba3 13. Qb3 Bxb2 14. Qxb2 bxc4 15. Bd2 Qa4 16. Qb4 1/2-1/2

[Event "66.Semifinale Camp. Italiano"]
[Site "Cortina d'Ampezzo ITA"]
[Date "2006.07.13"]
[Round "6.7"]
[White "Vezzosi, Paolo"]
[Black "Martorelli, Antonio"]
[Result "1/2-1/2"]
[WhiteElo "2356"]
[BlackElo "2264"]
[Annotator "Gabriele Ballarin"]
[PlyCount "101"]
[EventDate "2006.07.09"]
[EventType "swiss"]
[EventRounds "9"]
[EventCountry "ITA"]

1. e4 c5 2. Nc3 e6 3. g3 d5 4. Bg2 d4 5. Nce2 e5 6. d3 g5 7. Nf3 f6 8. h4 g4 9. Nd2 Nc6 10. a4 Be6 11. O-O Bh6 12. Nc4 Qd7 13. a5 O-O-O 14. Bxh6 Nxh6 15. Nc1 Nb4 16. Nb3 Qc7 17. Qd2 Nf7 18. Ra4 Nd6 19. Nxd6+ Rxd6 20. Nxc5 Qxc5 21. Qxb4 Qxb4 22. Rxb4 Kb8 23. f4 gxf3 24. Bxf3 Rg8 25. Kh2 Rc8 26. Bd1 Bd7 27. Rc4 Rxc4 28. dxc4 d3 29. c3 Bc6 30. c5 Rd8 31. Re1 h5 32. Re3 Kc7 33. b3 f5 34. exf5 e4 35. g4 hxg4 36. Kg3 Rf8 37. Kf4 Bd7 38. Kxe4 d2 39. Kd3 Rxf5 40. Kxd2 Rxc5 41. Rg3 Rd5+ 42. Ke1 Re5+ 43. Kf2 Rh5 44. Bxg4 Rxh4 45. Bxd7 Kxd7 46. a6 bxa6 47. Ke3 Kc6 48. Kd3 a5 49. c4 a6 50. Kc3 Kb6 51. Rg6+ 1/2-1/2

[Event "66.Semifinale Camp. Italiano"]
[Site "Cortina d'Ampezzo ITA"]
[Date "2006.07.13"]
[Round "6.9"]
[White "Pantaleoni, Claudio"]
[Black "Franchini, Gabriele"]
[Result "0-1"]
[WhiteElo "2222"]
[BlackElo "2292"]
[Annotator "Gabriele Ballarin"]
[PlyCount "106"]
[EventDate "2006.07.09"]
[EventType "swiss"]
[EventRounds "9"]
[EventCountry "ITA"]

1. Nf3 d5 2. g3 e6 3. Bg2 Bd6 4. O-O Ne7 5. d4 Nd7 6. c4 dxc4 7. Qa4 a6 8. Nc3 Rb8 9. Qxc4 b5 10. Qd3 Bb7 11. Ne4 Nd5 12. Nxd6+ cxd6 13. Bd2 O-O 14. a4 bxa4 15. Rxa4 Bc6 16. Ng5 N7f6 17. Ba5 Qd7 18. Ra2 Bb5 19. Qd2 Bc4 20. Ra3 h6 21. Nh3 Qb5 22. Re1 Qxb2 23. Qxb2 Rxb2 24. e4 Nb4 25. Rc3 Bb5 26. Rd1 d5 27. Bxb4 Rxb4 28. exd5 Nxd5 29. Bxd5 exd5 30. Rc5 Bc4 31. Nf4 Rb5 32. Rc6 Ra8 33. Re1 Kf8 34. Kg2 a5 35. Rc7 Re8 36. Ra1 Ra8 37. Re1 Re8 38. Ra1 Re4 39. f3 Re7 40. Rc8+ Re8 41. Rc7 g5 42. Nh5 Rb2+ 43. Kh3 Ra8 44. Nf6 a4 45. Nd7+ Kg8 46. Ne5 a3 47. Nxf7 Rb6 48. Kg4 a2 49. Kh5 Rb1 50. Nxh6+ Kf8 51. Rh7 Ra6 52. Rh8+ Kg7 53. Rg8+ Kh7 0-1

[Event "66.Semifinale Camp. Italiano"]
[Site "Cortina d'Ampezzo ITA"]
[Date "2006.07.13"]
[Round "6.10"]
[White "Guido, Flavio"]
[Black "Navarro, Stefano"]
[Result "1/2-1/2"]
[WhiteElo "2323"]
[BlackElo "2224"]
[Annotator "Gabriele Ballarin"]
[PlyCount "82"]
[EventDate "2006.07.09"]
[EventType "swiss"]
[EventRounds "9"]
[EventCountry "ITA"]

1. e4 e5 2. Nf3 Nc6 3. Bc4 Bc5 4. c3 Nf6 5. d3 d6 6. Bb3 a6 7. h3 h6 8. Nbd2 Ba7 9. Nf1 Ne7 10. Ng3 O-O 11. O-O Ng6 12. d4 Bd7 13. Re1 Re8 14. Bc2 Bc6 15. a4 b5 16. Bd3 bxa4 17. Bc2 Bb6 18. Bxa4 Bxa4 19. Qxa4 Nf4 20. Qc2 N6h5 21. Nxh5 Nxh5 22. Qe2 a5 23. Nxe5 dxe5 24. Qxh5 exd4 25. Bd2 d3 26. Rad1 Qd6 27. Qf3 c5 28. Bf4 Qc6 29. Rxd3 Rad8 30. Rxd8 Rxd8 31. Qe2 c4 32. Be3 Bxe3 33. Qxe3 Rd3 34. Qf4 Qa4 35. e5 Rd1 36. Qe4 Rxe1+ 37. Qxe1 Qc6 38. Qd2 Qb5 39. Qd6 Qxb2 40. Qd8+ Kh7 41. Qxa5 Qc1+ 1/2-1/2

[Event "66.Semifinale Camp. Italiano"]
[Site "Cortina d'Ampezzo ITA"]
[Date "2006.07.13"]
[Round "6.11"]
[White "Paglietti, Nicola"]
[Black "Capata, Ion"]
[Result "1/2-1/2"]
[WhiteElo "2293"]
[BlackElo "2110"]
[Annotator "Gabriele Ballarin"]
[PlyCount "111"]
[EventDate "2006.07.09"]
[EventType "swiss"]
[EventRounds "9"]
[EventCountry "ITA"]

1. d4 Nf6 2. Nf3 e6 3. g3 b6 4. Bg2 Bb7 5. O-O Be7 6. c4 d5 7. Ne5 O-O 8. Nc3 Nbd7 9. Nxd7 Qxd7 10. Bf4 Rac8 11. Qb3 dxc4 12. Qxc4 Bxg2 13. Kxg2 c5 14. Rad1 Qb7+ 15. f3 Nd5 16. Rd3 Bf6 17. dxc5 Rxc5 18. Qe4 {=} Qc6 19. Rc1 Rc8 20. Kf2 Bxc3 21. Rdxc3 Nxc3 22. Qxc6 R8xc6 23. bxc3 Rc8 24. Bd2 Rc4 25. Rb1 f6 26. Rb3 R8c5 27. a3 Rd5 28. Ke1 Rh5 29. h4 g5 30. Rb5 Rc5 31. Rxc5 bxc5 32. hxg5 Rh1+ 33. Kf2 Ra1 34. Be3 Rxa3 35. Bxc5 Ra2 36. gxf6 a5 37. Ke3 a4 38. Kd3 Kf7 39. Bd4 Rb2 40. c4 Rb8 41. c5 a3 42. Kc4 a2 43. c6 Rb1 44. Kc5 Rc1+ 45. Kb6 Rb1+ 46. Kc5 Rd1 47. Bb2 Rc1+ 48. Kd6 Rb1 49. Be5 Rd1+ 50. Kc7 a1=Q 51. Bxa1 Rxa1 52. Kb7 Rb1+ 53. Ka7 Ra1+ 54. Kb7 Rg1 55. c7 Rb1+ 56. Ka7 1/2-1/2

[Event "66.Semifinale Camp. Italiano"]
[Site "Cortina d'Ampezzo ITA"]
[Date "2006.07.13"]
[Round "6.12"]
[White "Sbarra, Marco"]
[Black "Pechy, Alaster"]
[Result "1/2-1/2"]
[WhiteElo "2290"]
[BlackElo "2169"]
[Annotator "Gabriele Ballarin"]
[PlyCount "106"]
[EventDate "2006.07.09"]
[EventType "swiss"]
[EventRounds "9"]
[EventCountry "ITA"]

1. c4 Nf6 2. Nc3 e5 3. Nf3 d6 4. g3 g6 5. d4 exd4 6. Nxd4 Bg7 7. Bg2 O-O 8. O-O Nbd7 9. b3 Re8 10. Bb2 Nf8 11. Qd2 a6 12. Rfd1 Rb8 13. Rac1 Ne6 14. Nd5 Nxd5 15. Nxe6 fxe6 16. cxd5 Bxb2 17. Qxb2 exd5 18. Bxd5+ Be6 19. e4 c6 20. Bc4 Bxc4 21. Rxc4 Re6 22. Rcd4 Qe7 23. Qc3 Re8 24. Kg2 Rxe4 25. Rxd6 Re2 26. Rd7 Qe4+ 27. Kg1 Re1+ 28. Rxe1 Qxe1+ 29. Qxe1 Rxe1+ 30. Kg2 Ra1 31. Rxb7 Rxa2 32. Rb6 c5 33. Rc6 Ra5 34. h4 Rb5 35. h5 gxh5 36. Rxa6 Rxb3 37. Rc6 Rc3 38. Rc7 h6 39. f4 c4 40. Kf2 Rc2+ 41. Ke3 Rc3+ 42. Ke4 Rxg3 43. Rxc4 h4 44. Rc8+ Kh7 45. Rc7+ Kg6 46. f5+ Kh5 47. Kf4 Rg4+ 48. Kf3 h3 49. Rc2 Kh4 50. Rh2 Rg5 51. Kf2 Rxf5+ 52. Kg1 Kg3 53. Rg2+ hxg2 1/2-1/2

[Event "66.Semifinale Camp. Italiano"]
[Site "Cortina d'Ampezzo ITA"]
[Date "2006.07.13"]
[Round "6.13"]
[White "Caracci, Giuseppe"]
[Black "Satta, Vladimiro"]
[Result "0-1"]
[WhiteElo "2069"]
[BlackElo "2221"]
[Annotator "Gabriele Ballarin"]
[PlyCount "80"]
[EventDate "2006.07.09"]
[EventType "swiss"]
[EventRounds "9"]
[EventCountry "ITA"]

1. Nf3 g6 2. g3 Bg7 3. Bg2 e5 4. d3 d6 5. c4 Nc6 6. Nc3 f5 7. Bg5 Nce7 8. Nd5 h6 9. Bxe7 Nxe7 10. Nxe7 Qxe7 11. Nh4 Qf6 12. e4 f4 13. h3 fxg3 14. fxg3 Qg5 15. Kf2 O-O+ 16. Nf3 Bd7 17. Qe1 Qf6 18. Ke2 b5 19. b3 g5 20. Rf1 bxc4 21. bxc4 Rab8 22. Nd2 Qg6 23. Rxf8+ Rxf8 24. g4 Qf7 25. Qg3 Qf4 26. Qxf4 exf4 27. Rb1 Bd4 28. Nb3 Be3 29. Bf3 Kg7 30. Na1 h5 31. Nc2 Bb6 32. d4 hxg4 33. hxg4 Rh8 34. Rg1 Rh2+ 35. Kd3 Rf2 36. Ne1 Rxa2 37. Nc2 Ba4 38. Nb4 Ra3+ 39. Ke2 Re3+ 40. Kf2 Bxd4 0-1

[Event "66.Semifinale Camp. Italiano"]
[Site "Cortina d'Ampezzo ITA"]
[Date "2006.07.13"]
[Round "6.14"]
[White "Ubezio, Marco"]
[Black "Bonafede, Alessandro"]
[Result "1/2-1/2"]
[WhiteElo "2161"]
[BlackElo "2175"]
[Annotator "Gabriele Ballarin"]
[PlyCount "55"]
[EventDate "2006.07.09"]
[EventType "swiss"]
[EventRounds "9"]
[EventCountry "ITA"]

1. d4 f5 2. Nc3 Nf6 3. Bg5 d5 4. Bxf6 exf6 5. e3 Be6 6. Bd3 c6 7. Qf3 g6 8. Nge2 Bd6 9. h3 Qe7 10. g4 fxg4 11. hxg4 Rf8 12. Nf4 Bg8 13. O-O-O Nd7 14. e4 Ne5 15. dxe5 fxe5 16. exd5 Rxf4 17. Qe2 O-O-O 18. dxc6 bxc6 19. Ne4 Bd5 20. f3 Kb8 21. c4 Bg8 22. Nxd6 Rxd6 23. Be4 Rf8 24. Rxd6 Qxd6 25. Rd1 Qc5 26. b3 Kc7 27. Qd2 Be6 28. Qc3 1/2-1/2